[Event "Gibraltar Masters"]
[Site "Caleta ENG"]
[Date "2011.01.27"]
[Round "3.11"]
[White "Erdos, Viktor"]
[Black "Weber, Tom"]
[Result "1/2-1/2"]
[WhiteTitle "GM"]
[BlackTitle "FM"]
[WhiteElo "2593"]
[BlackElo "2310"]
[WhiteFideId "719978"]
[BlackFideId "4000609"]
[EventDate "2011.01.25"]
[EventType "swiss"]

1. d4 Nf6 2. c4 e5 3. dxe5 Ne4 4. a3 d6 5. Qc2 Nc5 6. b4 Ne6 7. Nf3 a5 8. b5
dxe5 9. Bb2 f6 10. Nc3 Nc5 11. g3 Be6 12. Bg2 Bxc4 13. Nd2 Be6 14. Nce4 Nbd7 15.
Nxc5 Nxc5 16. Ne4 Nd7 17. O-O Be7 18. Rac1 Rc8 19. Rfd1 O-O 20. Qa4 Qe8 21. Qxa5
f5 22. Nd2 b6 23. Qc3 Nc5 24. Bc6 Qf7 25. Ba1 e4 26. f4 Rcd8 27. Qe3 Bf6 28.
Bxf6 Qxf6 29. Nf1 Qb2 30. Rb1 Qc2 31. Rdc1 Qa2 32. Ra1 Qb2 33. Rab1 Qa2 34. Ra1
Qb2 35. Rab1 Qa2 1/2-1/2

[Event "Gibraltar Masters"]
[Site "Caleta ENG"]
[Date "2011.01.27"]
[Round "3.15"]
[White "Hoffmann, Michael1"]
[Black "Harikrishna, P."]
[Result "0-1"]
[WhiteTitle "GM"]
[BlackTitle "GM"]
[WhiteElo "2506"]
[BlackElo "2667"]
[WhiteFideId "4601297"]
[BlackFideId "5007003"]
[EventDate "2011.01.25"]
[EventType "swiss"]

1. d4 Nf6 2. c4 e6 3. Nc3 Bb4 4. f3 Nc6 5. a3 Bxc3+ 6. bxc3 b6 7. e4 Ba6 8. Bg5
h6 9. Bh4 Na5 10. Qa4 Qc8 11. Bxf6 gxf6 12. Nh3 Qb7 13. Qb4 Rg8 14. Kf2 c5 15.
dxc5 Rc8 16. cxb6 Nxc4 17. Nf4 Rc6 18. Bxc4 Rxc4 19. Qb2 axb6 20. Qd2 Qc7 21. g4
f5 22. Nh5 Ke7 23. gxf5 Qc5+ 0-1

[Event "Gibraltar Masters"]
[Site "Caleta ENG"]
[Date "2011.01.27"]
[Round "3.16"]
[White "Sarkar, Justin"]
[Black "Ikonnikov, Vyacheslav"]
[Result "1/2-1/2"]
[WhiteTitle "IM"]
[BlackTitle "GM"]
[WhiteElo "2418"]
[BlackElo "2580"]
[WhiteFideId "2010011"]
[BlackFideId "4100972"]
[EventDate "2011.01.25"]
[EventType "swiss"]

1. d4 Nf6 2. c4 e6 3. Nc3 Bb4 4. e3 b6 5. Ne2 Ne4 6. Qc2 Bb7 7. a3 Bxc3+ 8. Nxc3
Nxc3 9. Qxc3 O-O 10. b4 d5 11. cxd5 Bxd5 12. f3 f5 13. Bc4 Nd7 14. O-O Nf6 15.
Bd3 a5 16. Bb2 axb4 17. axb4 Rxa1 18. Rxa1 Qb8 19. Qc2 h6 20. b5 Rf7 21. e4 fxe4
22. fxe4 Bb7 23. Qe2 Nh7 24. Bc4 Re7 25. e5 Qd8 26. Qg4 Bd5 27. Bd3 Nf8 28. Bc1
g5 29. h4 Rg7 30. hxg5 hxg5 31. Be3 Ng6 32. Bxg6 Rxg6 33. Rf1 Bc4 34. Rf6 Rxf6
35. Qxg5+ Kf7 36. exf6 Qxf6 37. Qxf6+ Kxf6 38. Bf4 Bxb5 39. Bxc7 Bc6 40. Bxb6 1/2-1/2

[Event "Gibraltar Masters"]
[Site "Caleta ENG"]
[Date "2011.01.27"]
[Round "3.17"]
[White "Bellon Lopez, Juan Manuel"]
[Black "Dzagnidze, Nana"]
[Result "0-1"]
[WhiteTitle "GM"]
[BlackTitle "GM"]
[WhiteElo "2404"]
[BlackElo "2550"]
[WhiteFideId "2200031"]
[BlackFideId "13601903"]
[EventDate "2011.01.25"]
[EventType "swiss"]

1. d4 Nf6 2. Bg5 e6 3. e4 h6 4. Bxf6 Qxf6 5. Nc3 b6 6. e5 Qd8 7. Qf3 Nc6 8.
O-O-O Bb7 9. Bd3 Be7 10. Nge2 Qc8 11. Qg4 O-O 12. Ng3 f5 13. exf6 Bxf6 14. Nh5
Nb4 15. Be4 d5 16. Bg6 e5 17. Bf5 Qxf5 18. Qxf5 Bg5+ 19. Qxg5 hxg5 20. a3 Nc6
21. dxe5 d4 22. Nb5 Rxf2 23. Rhe1 Rxg2 24. e6 Rf8 25. Nxd4 Rxh2 26. Ng3 Ne7 27.
Re5 g6 28. Rxg5 Rg2 29. Nde2 Bc6 30. Re5 Kg7 31. Re3 Rf3 32. Rxf3 Bxf3 33. Rf1
Bxe2 34. Nxe2 Rxe2 35. Rf7+ Kh6 36. Rxe7 g5 37. Kd1 Re5 38. Rxc7 g4 39. e7 Kg5
40. Rxa7 g3 41. e8=Q Rxe8 42. Rg7+ Kf4 43. Kd2 Kf3 44. Rf7+ Kg2 45. c4 Kg1 46.
Rg7 g2 47. Rg6 Re4 48. Kd3 Rh4 49. b4 Kf2 50. Rxg2+ Kxg2 51. a4 Kf3 52. b5 Rh1
53. c5 bxc5 54. Kc4 Rc1+ 55. Kd3 Kf4 56. b6 Ke5 0-1

[Event "Gibraltar Masters"]
[Site "Caleta ENG"]
[Date "2011.01.27"]
[Round "3.18"]
[White "Kanep, Meelis"]
[Black "Pogonina, Natalija"]
[Result "1/2-1/2"]
[WhiteTitle "GM"]
[BlackTitle "WGM"]
[WhiteElo "2531"]
[BlackElo "2472"]
[WhiteFideId "4501047"]
[BlackFideId "4147855"]
[EventDate "2011.01.25"]
[EventType "swiss"]

1. d4 Nf6 2. Nf3 d5 3. c4 e6 4. g3 Bb4+ 5. Bd2 Be7 6. Bg2 c6 7. Qc2 O-O 8. O-O
b6 9. Rd1 Nbd7 10. Bf4 Ba6 11. b3 Rc8 12. Nc3 Re8 13. e4 dxc4 14. Nd2 b5 15.
bxc4 bxc4 16. Bf1 Bb4 17. Nxc4 Bxc4 18. Bxc4 Qa5 19. Bd2 Qh5 20. a3 Be7 21. Kg2
c5 22. d5 exd5 23. Nxd5 Ne5 24. Be3 Qf3+ 25. Kg1 Nxc4 26. Qxc4 Nxe4 27. Qa6 Bg5
28. Qf1 Bxe3 29. fxe3 Qxf1+ 30. Kxf1 Rb8 31. Rac1 f5 32. Nc3 Nf6 33. Nd5 Ng4 34.
Rxc5 Nxh2+ 35. Kg1 Rb2 36. Rc7 Nf3+ 37. Kf1 Nh2+ 38. Kg1 Nf3+ 39. Kf1 Kf8 40.
Rxa7 Nh2+ 41. Kg1 Nf3+ 42. Kf1 Nh2+ 43. Kg1 Nf3+ 1/2-1/2

[Event "Gibraltar Masters"]
[Site "Caleta ENG"]
[Date "2011.01.27"]
[Round "3.20"]
[White "Zaremba, Andrie"]
[Black "Bologan, Viktor"]
[Result "0-1"]
[WhiteTitle "FM"]
[BlackTitle "GM"]
[WhiteElo "2339"]
[BlackElo "2693"]
[WhiteFideId "2014513"]
[BlackFideId "13900048"]
[EventDate "2011.01.25"]
[EventType "swiss"]

1. d4 Nf6 2. Nf3 g6 3. g3 c5 4. c3 b6 5. Bg2 Bb7 6. O-O Bg7 7. Bf4 O-O 8. Qc1 d6
9. Bh6 Nbd7 10. Bxg7 Kxg7 11. a4 e5 12. dxe5 dxe5 13. Rd1 Qe7 14. Ne1 e4 15. Na3
Ne5 16. Nec2 Bc6 17. b3 Rad8 18. Ne3 h5 19. h3 h4 20. g4 Nh7 21. Nac4 Nxc4 22.
Nxc4 Bd5 23. Qf4 Ng5 24. Nd2 Ne6 25. Qe3 f5 26. c4 Bc6 27. Qc3+ Kh7 28. Qe5 Qf7
29. gxf5 gxf5 30. e3 Rg8 31. Kf1 Qg6 32. Qh2 f4 33. exf4 e3 34. fxe3 Qd3+ 0-1

[Event "Gibraltar Masters"]
[Site "Caleta ENG"]
[Date "2011.01.27"]
[Round "3.21"]
[White "Onischuk, Alexander"]
[Black "Bergstrom, Rolf"]
[Result "1-0"]
[WhiteTitle "GM"]
[BlackTitle "FM"]
[WhiteElo "2689"]
[BlackElo "2307"]
[WhiteFideId "14101025"]
[BlackFideId "1702386"]
[EventDate "2011.01.25"]
[EventType "swiss"]

1. d4 b6 2. e4 Bb7 3. Nc3 e6 4. Bd3 Nf6 5. Nge2 d5 6. exd5 Nxd5 7. Nxd5 Qxd5 8.
Nf4 Qd6 9. O-O Nd7 10. c3 Be7 11. Re1 Nf6 12. Bb5+ c6 13. Bc4 Nd5 14. Qg4 g6 15.
Bd2 O-O 16. h4 Bf6 17. h5 Bg7 18. hxg6 hxg6 19. Nh3 c5 20. Ng5 cxd4 21. Qh4 Rfe8
22. Qh7+ Kf8 23. Ne4 Qc7 24. Bh6 Bxh6 25. Qxh6+ Ke7 26. Qh4+ Kf8 27. Bxd5 Bxd5
28. Nf6 Qd8 29. Rad1 Kg7 30. Nxe8+ Qxe8 31. Qxd4+ Kg8 32. Re3 1-0

[Event "Gibraltar Masters"]
[Site "Caleta ENG"]
[Date "2011.01.27"]
[Round "3.22"]
[White "Georgiev, Kiril"]
[Black "Forsaa, Espen"]
[Result "1-0"]
[WhiteTitle "GM"]
[BlackTitle "FM"]
[WhiteElo "2669"]
[BlackElo "2306"]
[WhiteFideId "2900017"]
[BlackFideId "1504436"]
[EventDate "2011.01.25"]
[EventType "swiss"]

1. d4 Nf6 2. c4 g6 3. g3 Bg7 4. Bg2 d5 5. cxd5 Nxd5 6. e4 Nb6 7. Ne2 O-O 8. O-O
a5 9. Nbc3 Nc6 10. d5 Nb4 11. Bf4 Bd7 12. Rc1 Rc8 13. a3 Na6 14. Nd4 Re8 15. e5
g5 16. Bxg5 Bxe5 17. Re1 Bg7 18. Be4 h6 19. Bh4 Nc4 20. Nf5 Bxf5 21. Bxf5 Ne5
22. Qh5 Ra8 23. Rxe5 Bxe5 24. Qxh6 Bg7 25. Qh7+ Kf8 26. Bg5 Qd6 27. Ne4 Qe5 28.
Bf4 Qxb2 29. Ng5 1-0

[Event "Gibraltar Masters"]
[Site "Caleta ENG"]
[Date "2011.01.27"]
[Round "3.23"]
[White "Edouard, Romain"]
[Black "Wahlbom, Magnus"]
[Result "1/2-1/2"]
[WhiteTitle "GM"]
[WhiteElo "2634"]
[BlackElo "2305"]
[WhiteFideId "633429"]
[BlackFideId "1700685"]
[EventDate "2011.01.25"]
[EventType "swiss"]

1. d4 Nf6 2. c4 e6 3. Nc3 Bb4 4. Bg5 c5 5. d5 Bxc3+ 6. bxc3 d6 7. e3 Qe7 8. Nf3
e5 9. Nd2 h6 10. Bh4 g5 11. Bg3 Bf5 12. Be2 Nbd7 13. O-O O-O-O 14. f3 Bg6 15. e4
Nh5 16. Qa4 Nxg3 17. hxg3 Kb8 18. Rab1 f5 19. Rb2 f4 20. Rfb1 Nb6 21. Rxb6 axb6
22. Rxb6 Qc7 23. Qb3 Ka7 24. Rb5 b6 25. gxf4 gxf4 26. a4 Be8 27. a5 bxa5 28. Qa3
Bxb5 29. cxb5 c4 30. Nxc4 Qc5+ 31. Qxc5+ dxc5 32. Nxa5 Rhe8 33. Kf2 Rd6 34. Nc4
Rg6 35. Nb2 Rc8 36. Nd3 Rg5 37. d6 Rd8 38. Nxc5 Rxd6 39. Nb3 Rdg6 40. Bf1 Rg8
41. c4 Ra8 42. c5 Kb8 43. b6 Ra2+ 44. Kg1 Rc2 45. Na5 1/2-1/2

[Event "Gibraltar Masters"]
[Site "Caleta ENG"]
[Date "2011.01.27"]
[Round "3.24"]
[White "Estrada Nieto, Julian"]
[Black "Kacheishvili, Giorgi"]
[Result "0-1"]
[WhiteTitle "IM"]
[BlackTitle "GM"]
[WhiteElo "2309"]
[BlackElo "2585"]
[WhiteFideId "5101018"]
[BlackFideId "13600613"]
[EventDate "2011.01.25"]
[EventType "swiss"]

1. e4 c6 2. d4 d5 3. Nd2 dxe4 4. Nxe4 Bf5 5. Ng3 Bg6 6. h4 h6 7. Nf3 Nd7 8. Bd3
Bxd3 9. Qxd3 e6 10. Bd2 Ngf6 11. O-O-O Be7 12. Ne4 Qc7 13. Nxf6+ Nxf6 14. Ne5
Rd8 15. Bf4 Nd5 16. Bg3 Qa5 17. Qb3 Qb6 18. Qxb6 axb6 19. c4 Nf6 20. f3 b5 21.
b3 O-O 22. Bf2 bxc4 23. bxc4 Ra8 24. Kb1 Ra4 25. Rd2 Rfa8 26. Rb2 Ne8 27. Nd7
Bd8 28. Nc5 Rxc4 29. Nxb7 Be7 30. Nc5 Bxc5 31. dxc5 Nf6 32. Rc1 Rca4 33. Rc3 Nd5
34. Rcb3 R8a7 35. Rb8+ Kh7 36. R8b3 h5 37. Rb6 Rc4 38. Be1 Rxc5 39. Rb7 Rxb7 40.
Rxb7 Rb5+ 41. Rxb5 cxb5 42. Bd2 Kg6 43. Kc2 Kf5 44. Kd3 e5 45. g3 f6 46. Ba5 g6
47. Bd2 Ne7 48. Bb4 Nc6 49. Bc3 Ke6 50. g4 Kd5 51. gxh5 gxh5 52. Bd2 Nd4 53. f4
e4+ 0-1

[Event "Gibraltar Masters"]
[Site "Caleta ENG"]
[Date "2011.01.27"]
[Round "3.25"]
[White "Piasetski, Leon"]
[Black "Mikhalevski, Victor"]
[Result "0-1"]
[WhiteTitle "IM"]
[BlackTitle "GM"]
[WhiteElo "2303"]
[BlackElo "2579"]
[WhiteFideId "2600072"]
[BlackFideId "2801914"]
[EventDate "2011.01.25"]
[EventType "swiss"]

1. Nf3 Nf6 2. c4 g6 3. Nc3 d5 4. cxd5 Nxd5 5. Qa4+ Nc6 6. Ne5 Qd6 7. Nxc6 Qxc6
8. Qxc6+ bxc6 9. b3 Nb4 10. Kd1 Be6 11. Bb2 Bg7 12. Kc1 O-O-O 13. Na4 Bxb2+ 14.
Nxb2 Rd6 15. d3 f5 16. g3 Bd5 17. Rg1 g5 18. a3 Na6 19. b4 Rh6 20. h3 Rf8 21.
Kd2 Nb8 22. Rc1 g4 23. hxg4 fxg4 24. Nd1 Rh2 25. Rc3 h5 26. e4 Be6 27. Rg2 Rh1
28. Be2 Kb7 29. Rc1 Nd7 30. Ne3 Rh3 31. d4 Nf6 32. Bd3 Nh7 33. Rc5 Rh1 34. Re5
Bg8 35. Ke2 Rd8 36. Nc2 Bb3 37. Ne1 Rxd4 38. Rxe7 Ng5 0-1

[Event "Gibraltar Masters"]
[Site "Caleta ENG"]
[Date "2011.01.27"]
[Round "3.26"]
[White "Nuri, Kambez"]
[Black "Lemos, Damian"]
[Result "0-1"]
[BlackTitle "GM"]
[WhiteElo "2300"]
[BlackElo "2553"]
[WhiteFideId "1311433"]
[BlackFideId "113581"]
[EventDate "2011.01.25"]
[EventType "swiss"]

1. e4 c6 2. Nf3 d5 3. exd5 cxd5 4. Ne5 Nc6 5. d4 e6 6. c3 Bd6 7. f4 Nge7 8. Bd3
O-O 9. O-O f6 10. Qh5 Nf5 11. Bxf5 exf5 12. Nd3 Be6 13. b3 Qa5 14. a4 Qb6 15. b4
Rfe8 16. Nc5 Bf7 17. Qxf5 a5 18. b5 Bxc5 19. dxc5 Qxc5+ 20. Kh1 Bg6 21. Qh3 Qf2
22. Nd2 Re1 23. Qe6+ Rxe6 24. Rxf2 Ne7 25. Ba3 Rc8 26. Rc1 Re3 27. Kg1 Nf5 28.
Rf3 Ree8 29. Nb3 b6 30. g4 Ne3 31. f5 Bf7 32. h3 Nc4 33. Ra1 h5 34. Nd4 Re4 35.
Rg3 Rce8 36. Kf2 Ne3 37. Rag1 h4 38. Rf3 Nc2 39. Nxc2 Re2+ 40. Kf1 Rxc2 41. Rg2
Rxg2 42. Kxg2 Re4 43. Bd6 Rxa4 44. Bc7 d4 45. Rd3 Rc4 46. Bxb6 dxc3 47. Be3 c2
48. Rd8+ Kh7 49. b6 Rb4 50. Rd7 Re4 51. Bc1 Re1 52. Bf4 Bc4 53. b7 Rb1 54. g5
fxg5 55. Bxg5 Rxb7 56. Rxb7 Bd5+ 57. Kf2 Bxb7 58. Ke2 Bg2 59. Kd2 Bxh3 60. f6 g6
61. Bxh4 Bf5 62. Bg5 Kg8 63. Kc3 Kf7 64. Kb3 Ke6 65. Kc3 Be4 66. Kb2 a4 67. Ka2
Kf5 68. Kb2 a3+ 0-1

[Event "Gibraltar Masters"]
[Site "Caleta ENG"]
[Date "2011.01.27"]
[Round "3.27"]
[White "Lafuente, Pablo"]
[Black "Stebbings, Anthony J"]
[Result "1-0"]
[WhiteTitle "GM"]
[WhiteElo "2561"]
[BlackElo "2285"]
[WhiteFideId "108820"]
[BlackFideId "402427"]
[EventDate "2011.01.25"]
[EventType "swiss"]

1. d4 Nf6 2. Nf3 e6 3. g3 b5 4. Bg2 Bb7 5. O-O c5 6. c3 Be7 7. Bg5 cxd4 8. cxd4
O-O 9. Qd3 Qb6 10. Nc3 b4 11. Bxf6 Bxf6 12. Na4 Qa6 13. Nc5 Qxd3 14. Nxd3 Na6
15. e3 Rfc8 16. Nd2 Bxg2 17. Kxg2 Rc2 18. Nb3 Be7 19. Rfc1 Rac8 20. Rxc2 Rxc2
21. Kf1 d5 22. Ke1 Nb8 23. Na5 Bd8 24. Kd1 Rc8 25. Nb7 Be7 26. Rc1 Rxc1+ 27.
Kxc1 Kf8 28. Kc2 Ke8 29. Kb3 Nc6 30. Ka4 Kd7 31. Na5 Nxa5 32. Kxa5 b3 33. axb3
Kc7 34. Ka6 Kb8 35. Ne5 Ka8 36. Nxf7 Bb4 37. Ne5 Be1 38. Nd3 Bd2 39. b4 Kb8 40.
b5 1-0

[Event "Gibraltar Masters"]
[Site "Caleta ENG"]
[Date "2011.01.27"]
[Round "3.28"]
[White "Calzetta Ruiz, Monica"]
[Black "Le Roux, Jean-Pierre"]
[Result "1-0"]
[WhiteTitle "WGM"]
[BlackTitle "GM"]
[WhiteElo "2284"]
[BlackElo "2551"]
[WhiteFideId "2204185"]
[BlackFideId "609404"]
[EventDate "2011.01.25"]
[EventType "swiss"]

1. e4 e5 2. Nf3 Nc6 3. Bb5 a6 4. Ba4 Nf6 5. Qe2 d6 6. c3 Bg4 7. h3 Bh5 8. d3 Nd7
9. Be3 Bxf3 10. Qxf3 g6 11. Nd2 Bg7 12. Bb3 Qe7 13. O-O O-O 14. Qg3 Nc5 15. Bc2
Ne6 16. h4 Kh8 17. Rae1 f5 18. exf5 gxf5 19. f4 Rg8 20. Qh3 d5 21. fxe5 Bxe5 22.
Nf3 Rg3 23. Qxf5 Rf8 24. Nxe5 Rxf5 25. Rxf5 Qxh4 26. Bf2 Nf4 27. Bxg3 1-0

[Event "Gibraltar Masters"]
[Site "Caleta ENG"]
[Date "2011.01.27"]
[Round "3.30"]
[White "Malmdin, Nils-Ake"]
[Black "Robson, Ray"]
[Result "0-1"]
[BlackTitle "GM"]
[WhiteElo "2272"]
[BlackElo "2532"]
[WhiteFideId "1701584"]
[BlackFideId "2023970"]
[EventDate "2011.01.25"]
[EventType "swiss"]

1. e4 c5 2. Nf3 d6 3. d4 cxd4 4. Nxd4 Nf6 5. Nc3 e6 6. Be3 Nc6 7. Be2 Be7 8. O-O
O-O 9. f4 a6 10. Qe1 Nxd4 11. Bxd4 b5 12. Bf3 Bb7 13. a3 Rc8 14. Kh1 Rc4 15. Rd1
Qa8 16. b3 Rc7 17. e5 dxe5 18. fxe5 Ne8 19. Bb6 Rc8 20. b4 Bxf3 21. Rxf3 Qb7 22.
Qf2 Rc4 23. Bd4 Qc6 24. Rf1 f5 25. exf6 Nxf6 26. Be5 Qe8 27. h3 Nd7 28. Rxf8+
Bxf8 29. Qe1 Qg6 30. Qe2 h6 31. Rf3 Be7 32. Rd3 Nxe5 33. Qxe5 Kh7 34. Qe2 Bg5
35. Nd1 Qf5 36. Nf2 e5 37. Ng4 Re4 38. Ne3 Qf4 0-1

[Event "Gibraltar Masters"]
[Site "Caleta ENG"]
[Date "2011.01.27"]
[Round "3.31"]
[White "Oberhofer, Andre"]
[Black "Cramling, Pia"]
[Result "1-0"]
[BlackTitle "GM"]
[WhiteElo "2270"]
[BlackElo "2516"]
[WhiteFideId "24654140"]
[BlackFideId "1700030"]
[EventDate "2011.01.25"]
[EventType "swiss"]

1. e4 c5 2. c3 Nf6 3. e5 Nd5 4. d4 cxd4 5. cxd4 d6 6. Nf3 Nc6 7. Bc4 Nb6 8. Bb5
d5 9. O-O Bg4 10. h3 Bxf3 11. Qxf3 e6 12. Nc3 Rc8 13. Rd1 a6 14. Bf1 Be7 15. Qg4
Kf8 16. Qh5 Kg8 17. Rd3 g6 18. Qh6 Nc4 19. Ne2 Bf8 20. Qf4 h5 21. Rf3 Rc7 22.
Qg3 Qe8 23. b3 Na3 24. Bg5 Be7 25. Bf6 h4 26. Qg4 Bxf6 27. exf6 e5 28. Rc1 Qd8
29. Rfc3 Qxf6 30. Rc5 Kg7 31. Nc3 Qe6 32. dxe5 Rd7 33. Qa4 d4 34. Ne4 Nb5 35.
Bxb5 axb5 36. Rxb5 Rc7 37. Rbc5 Rd8 38. Ng5 Qe7 39. Nf3 Rcc8 40. Qc4 Ra8 41. a4
Rd7 42. Rd5 Rxd5 43. Qxd5 Ra5 44. Qc4 Nxe5 45. Qxd4 Qf6 46. Nxe5 Rxe5 47. Rc4 b5
48. axb5 Rxb5 49. b4 Qxd4 50. Rxd4 g5 51. f4 Kg6 52. fxg5 Kxg5 53. Rg4+ Kh5 54.
Rc4 f5 55. Kf2 Kg5 56. Ke3 Re5+ 57. Kd2 Rd5+ 58. Kc2 Rb5 59. Rd4 Rb8 60. Kc3
Rc8+ 61. Rc4 Rb8 62. Kd3 Kh5 63. Rf4 Kg5 64. Rd4 Kh5 65. Kc4 Rc8+ 66. Kb3 Rb8
67. Rd3 Kg5 68. Kc4 Rc8+ 69. Kb3 Rb8 70. Rd4 Kh5 71. Rf4 Kg5 72. Rc4 Kh5 73. Rc3
Kg5 74. Kc4 Rc8+ 75. Kd4 Re8 76. b5 Re2 77. Rb3 Rxg2 78. b6 Rd2+ 79. Kc5 Rc2+
80. Kd6 1-0

[Event "Gibraltar Masters"]
[Site "Caleta ENG"]
[Date "2011.01.27"]
[Round "3.32"]
[White "Sipila, Vilka"]
[Black "Gallagher, Joseph G."]
[Result "1/2-1/2"]
[BlackTitle "GM"]
[WhiteElo "2269"]
[BlackElo "2501"]
[WhiteFideId "505455"]
[BlackFideId "1303422"]
[EventDate "2011.01.25"]
[EventType "swiss"]

1. e4 c5 2. Nf3 d6 3. d4 cxd4 4. Nxd4 Nf6 5. Nc3 a6 6. Be2 e5 7. Nb3 Be7 8. O-O
O-O 9. Qd3 Nbd7 10. Qg3 b5 11. Bh6 Ne8 12. Be3 Bh4 13. Qh3 Bg5 14. Bxg5 Qxg5 15.
Qd3 Nb6 16. a4 b4 17. a5 bxc3 18. axb6 cxb2 19. Ra4 Rb8 20. Rb4 Nc7 21. g3 Na8
22. Qxd6 Bh3 23. Rb1 Rfd8 24. Qc5 Rbc8 25. f4 Qg6 26. Qxe5 Nxb6 27. Qxb2 Nd7 28.
Bd3 Qh5 29. Qc1 Nc5 30. Qe3 Nxd3 31. cxd3 Rc2 32. Nd4 Rg2+ 33. Kh1 h6 34. Nf3
Ra2 35. R4b2 Rxb2 36. Rxb2 Qa5 37. Ng1 Qa3 38. Qf2 Bd7 39. Qd4 Rf8 40. Rd2 Bb5
41. Ne2 Rc8 42. Kg2 Qa5 43. Qb2 Rd8 44. d4 Qa4 45. Kf2 Qc4 46. Qc3 Qe6 47. Qf3
Qc4 48. d5 a5 49. e5 Qc5+ 50. Qe3 Rxd5 51. Qxc5 Rxc5 52. Rd8+ Kh7 53. Nd4 Bc4
54. Ke3 Bd5 55. Nf5 a4 56. Kd4 a3 57. Kxc5 a2 58. Rxd5 a1=Q 59. Nd6 Qa3+ 60. Kc6
Qa8+ 61. Kc5 Qa5+ 62. Kc6 Qa8+ 63. Kc5 Qa5+ 64. Kc6 1/2-1/2

[Event "Gibraltar Masters"]
[Site "Caleta ENG"]
[Date "2011.01.27"]
[Round "3.33"]
[White "El Debs, Felipe de Cresce"]
[Black "Avalos Parra, Joao"]
[Result "1-0"]
[WhiteTitle "GM"]
[BlackTitle "FM"]
[WhiteElo "2499"]
[BlackElo "2252"]
[WhiteFideId "2106981"]
[BlackFideId "3402541"]
[EventDate "2011.01.25"]
[EventType "swiss"]

1. Nf3 Nf6 2. c4 e6 3. g3 d5 4. d4 dxc4 5. Bg2 a6 6. O-O Nc6 7. Nc3 Be7 8. Qa4
Bd7 9. Qxc4 O-O 10. Ne5 b5 11. Qb3 Na5 12. Qc2 Rb8 13. Rd1 Qc8 14. Ne4 Nd5 15.
Nc5 Be8 16. e4 Nb4 17. Qc3 Nbc6 18. Nxc6 Nxc6 19. b4 e5 20. dxe5 Nxe5 21. Be3 f6
22. f4 Nc4 23. Bf2 Bh5 24. Rd3 Be2 25. Rd4 Bxc5 26. bxc5 Rd8 27. e5 fxe5 28.
fxe5 Qe6 29. Re1 Bh5 30. c6 Be8 31. Rf4 Bxc6 32. Bxc6 Qxc6 33. e6 Rf8 34. Rg4 g6
35. e7 Rf7 36. Rd4 Qa8 37. Rd7 Re8 38. Qd4 Nd6 39. Qe5 Qf3 40. Bd4 1-0

[Event "Gibraltar Masters"]
[Site "Caleta ENG"]
[Date "2011.01.27"]
[Round "3.34"]
[White "Zatonskih, Anna"]
[Black "Daurelle, Herve"]
[Result "1-0"]
[WhiteTitle "IM"]
[WhiteElo "2493"]
[BlackElo "2243"]
[WhiteFideId "14101572"]
[BlackFideId "602655"]
[EventDate "2011.01.25"]
[EventType "swiss"]

1. c4 Nf6 2. Nc3 c5 3. Nf3 d5 4. cxd5 Nxd5 5. d4 e6 6. e4 Nxc3 7. bxc3 cxd4 8.
cxd4 Bb4+ 9. Bd2 Bxd2+ 10. Qxd2 O-O 11. Bd3 Nc6 12. e5 Qa5 13. Rc1 Qxd2+ 14.
Kxd2 Bd7 15. Rc4 Rac8 16. Rb1 Na5 17. Rxc8 Rxc8 18. Ng5 h6 19. Ne4 b6 20. Nd6
Rc7 21. f4 Nb7 22. Nxb7 Rxb7 23. Rc1 a5 24. Be4 Ra7 25. g4 Kf8 26. f5 Ke7 27.
Ke3 Kd8 28. f6 gxf6 29. exf6 Rc7 30. Rxc7 Kxc7 31. h4 Kd6 32. g5 h5 33. Bf3 e5
34. Bxh5 exd4+ 35. Kxd4 Be6 36. a4 b5 37. axb5 a4 38. Kc3 a3 39. Bf3 Kc5 40. h5
Kxb5 41. Be4 a2 42. Kb2 Kc4 43. h6 Kd4 44. Bc2 1-0

[Event "Gibraltar Masters"]
[Site "Caleta ENG"]
[Date "2011.01.27"]
[Round "3.35"]
[White "Henriksson, Johan"]
[Black "Al-Sayed, Mohammed"]
[Result "0-1"]
[BlackTitle "GM"]
[WhiteElo "2243"]
[BlackElo "2490"]
[WhiteFideId "1703560"]
[BlackFideId "12100196"]
[EventDate "2011.01.25"]
[EventType "swiss"]

1. d4 d5 2. Nf3 Nf6 3. g3 c5 4. Bg2 Nc6 5. O-O Bg4 6. Ne5 Bh5 7. Nxc6 bxc6 8.
dxc5 e6 9. b4 a5 10. c3 Be7 11. Nd2 Qb8 12. a3 Qe5 13. Bb2 Bxe2 14. Re1 Bxd1 15.
Rxe5 Ba4 16. c4 O-O 17. cxd5 Nxd5 18. Bxd5 cxd5 19. Ree1 Rfb8 20. Bc3 Bf6 21.
Bxf6 gxf6 22. Rab1 e5 23. Rb2 Kf8 24. Nb1 Bc6 25. f4 e4 26. Nc3 axb4 27. Rxb4
Rxb4 28. axb4 d4 29. b5 dxc3 30. bxc6 Ra5 31. Rxe4 Rxc5 32. Re1 c2 33. Rc1 Ke7
34. Kf2 Kd6 35. Ke3 Kd5 36. Kd3 Rxc6 37. Kd2 Kd4 38. Rxc2 Rxc2+ 39. Kxc2 Ke3 40.
Kc3 Kf3 41. Kd4 Kg2 42. Ke4 Kxh2 43. g4 Kg3 44. Kf5 h6 45. Kxf6 Kxf4 0-1

[Event "Gibraltar Masters"]
[Site "Caleta ENG"]
[Date "2011.01.27"]
[Round "3.36"]
[White "Soffer, Ram"]
[Black "Meskovs, Nikita"]
[Result "1-0"]
[WhiteTitle "GM"]
[WhiteElo "2489"]
[BlackElo "2243"]
[WhiteFideId "2800101"]
[BlackFideId "11602740"]
[EventDate "2011.01.25"]
[EventType "swiss"]

1. c4 Nf6 2. Nc3 g6 3. e4 d6 4. d4 Bg7 5. f4 O-O 6. Nf3 Nbd7 7. Bd3 e5 8. fxe5
dxe5 9. d5 c6 10. O-O cxd5 11. cxd5 b5 12. b4 a5 13. Ba3 Ng4 14. Qe2 Bh6 15.
Bxb5 Ndf6 16. Kh1 Nh5 17. Qe1 Qd6 18. Bc6 Ba6 19. b5 Qxa3 20. Bxa8 Rxa8 21. bxa6
Rxa6 22. Rb1 Nf4 23. Qh4 Qxc3 24. Rb8+ Kg7 25. Qd8 g5 26. Qg8+ Kf6 27. Rb7 1-0

[Event "Gibraltar Masters"]
[Site "Caleta ENG"]
[Date "2011.01.27"]
[Round "3.37"]
[White "Andreasen, Per"]
[Black "Das, Arghyadip"]
[Result "1/2-1/2"]
[WhiteTitle "FM"]
[BlackTitle "IM"]
[WhiteElo "2239"]
[BlackElo "2479"]
[WhiteFideId "1400886"]
[BlackFideId "5003610"]
[EventDate "2011.01.25"]
[EventType "swiss"]

1. Nf3 Nf6 2. c4 g6 3. Nc3 Bg7 4. d4 d5 5. Bg5 Ne4 6. cxd5 Nxg5 7. Nxg5 e6 8.
Nf3 exd5 9. b4 Qd6 10. Qb3 c6 11. e3 Bf5 12. Be2 O-O 13. O-O Nd7 14. b5 Bf6 15.
Rac1 Rfc8 16. Rfd1 Kg7 17. Na4 Rab8 18. Nc5 cxb5 19. Nxb7 Qb6 20. Rxc8 Rxc8 21.
Qxd5 Rc2 22. Bxb5 Be6 23. Qe4 Bf5 24. Qd5 Be6 25. Qe4 1/2-1/2